00400nam a2200157Ia 45000010006000000050017000060080041000230410008000640820015000721000018000872450105001052600009002103000007002196500008002266540008002341939920260306172650.0260306t1998||||xx |||||||||||||| ||spa|| aESP a659.1bR56 aRies, AleAUT 0aPosicionamiento:bel concepto que ha revolucionado la comunicación publicitaria y la mercadotecnia c1998 ac aGEN aCAN